00244nam a2200097Ia 4500008004100000100002100041245003800062260002200100942000700122999001700129190216s9999||||xx |||||||||||||| ||und|| aGopikkuttan Nair 0aAmericayude Sambathika Shashthram bKerala Basha Inst cBK c38390d38390